LEADER 01008nlm0 2200325 450 001 000029265 005 20121115135003.0 010 $a978-0-16-085736-2 100 $a20121114d2006----km-y0itay50------ba 101 0 $aeng 102 $aUS 105 $a--------001cy 106 $as 110 $aa---0--0zx- 135 $adoug----uuuuu 200 1 $a<>air almanac 2011$brisorsa elettronica$fissued by the Nautical Almanac office, United States Naval observatory under the authority of Secretary of the Navy 210 $aWashington$cU.S. Government Printing office$d2006- 215 $a1 Cd-Rom$d12 cm 230 $arisorsa elettronica 452 0$1001000025645 610 1 $aAereonautica 676 $a629$v22 712 02$aNautical Almanac office 712 02$aUnited States Naval 712 02$aSecretary of the Navy 801 0$aIT$bUNIPARTHENOPE$c20121114$gRICA$2UNIMARC 912 $a000029265 958 $a2008-2011$cPIST 996 $aAir almanac 2011$91211233 997 $aUNIPARTHENOPE